[Event "It (open)"]
[Site "masterchessopen.com - Creon (France)"]
[Round "0"]
[White "Flear Glenn C (ENG)"]
[Black "Petitcunot Pierre (FRA)"]
[Result "1-0"]
[WhiteElo "2475"]
[BlackElo "2240"]

1.d4 Nf6 2.c4 c5 3.d5 e6 4.Nc3 exd5 5.cxd5 d6 6.e4 g6 7.Bd3 Bg7 8.h3 O-O 9.Bg5
Re8 10.Nf3 c4 11.Bc2 b5 12.a3 Bd7 13.O-O Qb6 14.Re1 Na6 15.Qd2 Nc5 16.g4 Bc8
17.e5 dxe5 18.Nxe5 Bb7 19.Qf4 Ncd7 20.Bxf6 Qxf6 21.Qxf6 Nxf6 22.Nxb5 Nxd5
23.Nxc4 Ba6 24.Nbd6 Rec8 25.Be4 Rc5 26.Rad1 {#r} 1-0

[Event "It (open) (a)"]
[Site "masterchessopen.com - Hassloch (Germany)"]
[Round "2"]
[White "Jacob Volker (GER)"]
[Black "Lares Harald (GER)"]
[Result "1-0"]
[WhiteElo "2246"]
[BlackElo "2082"]

1.d4 Nf6 2.c4 c5 3.d5 e6 4.Nc3 exd5 5.cxd5 d6 6.e4 g6 7.f3 Bg7 8.Bg5 O-O 9.Qd2
Re8 10.Nge2 Bd7 11.Ng3 Na6 12.Be2 Nc7 13.O-O b5 14.Nd1 a5 15.Nf2 Qe7 16.Rae1
b4 17.Bc4 Nb5 18.Ng4 h5 19.e5 dxe5 20.Nxe5 Qd6 21.f4 Ng4 22.Ne4 Bxe5 23.Nxd6
Bd4+ 24.Qxd4 Nxd4 25.Nxe8 {#r} 1-0

[Event "Ch Russia (juniors) (under 14)"]
[Site "masterchessopen.com - Kazan (Russia)"]
[Round "8"]
[White "Torbin Kirill (RUS)"]
[Black "Osadchenko Andrei (RUS)"]
[Result "0-1"]
[WhiteElo "2372"]
[BlackElo "2189"]

1.d4 Nf6 2.c4 c5 3.d5 e6 4.Nc3 exd5 5.cxd5 d6 6.e4 g6 7.h3 Bg7 8.Nf3 O-O 9.Bd3
b5 10.Nxb5 Re8 11.O-O Nxe4 12.Qb3 a6 13.Na3 Nd7 14.Nc4 f5 15.Bxe4 fxe4 16.Bg5
Qc7 17.Nfd2 Rb8 18.Qc2 Ne5 19.Nxe4 Nxc4 20.Qxc4 Rb4 21.Qxb4 cxb4 22.Nf6+ Bxf6
23.Bxf6 Qb7 {#R} 0-1

[Event "VK1 1997/98"]
[Site "masterchessopen.com - NRW (Germany)"]
[Round "1"]
[White "Jellinghaus Lars (GER)"]
[Black "Burchert Wolfgang (GER)"]
[Result "1-0"]
[WhiteElo "2203"]
[BlackElo "2167"]

1.d4 Nf6 2.c4 c5 3.d5 e6 4.Nc3 exd5 5.cxd5 d6 6.e4 g6 7.Bd3 Bg7 8.Nge2 O-O
9.O-O Na6 10.f3 Nc7 11.Bg5 Rb8 12.a3 b5 13.b4 c4 14.Bc2 Bd7 15.Qd2 Re8 16.Nd4
Na8 17.a4 bxa4 18.Bxa4 Rxb4 19.Bc6 Qb6 20.Be3 Rb2 21.Qc1 Bxc6 22.dxc6 Qb8
23.Rd1 Nc7 24.Nde2 d5 25.Bxa7 Qb4 26.Ra4 {#r} 1-0

[Event "It (open) \"]
[Site "masterchessopen.com - Pesc (Hungary)"]
[Round "0"]
[White "Varga Zoltan (HUN)"]
[Black "Parkanyi Attila (HUN)"]
[Result "0-1"]
[WhiteElo "2495"]
[BlackElo "2345"]

1.d4 Nf6 2.c4 e6 3.Nc3 c5 4.d5 exd5 5.cxd5 d6 6.e4 g6 7.f3 Bg7 8.Bg5 O-O
9.Nge2 Re8 10.Ng3 Nxe4 11.Ngxe4 Qxg5 12.Kf2 Qe7 13.g4 f5 14.gxf5 gxf5 15.Ng3
Bd4+ 16.Kg2 f4 17.Bb5 Qh4 {#R} 0-1

[Event "Memorial M.Chigorin"]
[Site "masterchessopen.com - St. Petersburg (Russia)"]
[Round "3"]
[White "Kiriakov Petr (RUS)"]
[Black "Terekhov Andrey (RUS)"]
[Result "1-0"]
[WhiteElo "2505"]
[BlackElo "2305"]

1.d4 Nf6 2.c4 c5 3.d5 e6 4.Nc3 exd5 5.cxd5 d6 6.e4 g6 7.h3 Bg7 8.Nf3 O-O 9.Bd3
b5 10.Nxb5 Nxe4 11.Bxe4 Re8 12.Ng5 h6 13.Ne6 Qa5+ 14.Nc3 Bxc3+ 15.bxc3 Qxc3+
16.Bd2 Qc4 17.Qf3 Bxe6 18.Rc1 Qd4 19.O-O Bf5 20.Bc3 Qxe4 21.Rce1 Qa4 22.Qf4
Re4 23.Rxe4 Qxe4 24.Qxh6 f6 25.Bxf6 Kf7 26.Qg7+ Ke8 27.Qg8+ {#r} 1-0

[Event "Memorial M.Czerniak (cat.10)"]
[Site "masterchessopen.com - Tel Aviv (Israel)"]
[Round "11"]
[White "Avrukh Boris (ISR)"]
[Black "Rotstein Arkadij (GER)"]
[Result "1-0"]
[WhiteElo "2550"]
[BlackElo "2455"]

1.d4 Nf6 2.c4 c5 3.d5 e6 4.Nc3 exd5 5.cxd5 d6 6.e4 g6 7.h3 Bg7 8.Nf3 O-O 9.Bd3
b5 10.Nxb5 Re8 11.O-O Nxe4 12.Qa4 Bd7 13.Re1 Qb6 14.Rxe4 Rxe4 15.Qxe4 Bxb5
16.a4 Bd7 17.a5 Qd8 18.Bg5 Qc8 19.Qf4 Qf8 20.Qh4 f6 21.Bf4 c4 22.Bxc4 g5
23.Bxg5 fxg5 24.Nxg5 Qf5 25.Ne6 Bxe6 26.Qd8+ Bf8 27.dxe6 {#r} 1-0

[Event "It (open)"]
[Site "masterchessopen.com - Ano Liosia (Greece)"]
[Round "9"]
[White "Skembris Spyridon (GRE)"]
[Black "Ivanov Jordan (BUL)"]
[Result "1-0"]
[WhiteElo "2480"]
[BlackElo "2375"]

1.d4 Nf6 2.c4 c5 3.d5 e6 4.Nc3 exd5 5.cxd5 d6 6.e4 g6 7.h3 Bg7 8.Bd3 O-O 9.Bg5
a6 10.a4 Nbd7 11.Nf3 Re8 12.O-O Qc7 13.Re1 Rb8 14.Bc4 Nh5 15.Qd2 Ne5 16.Be2
Nxf3+ 17.Bxf3 Nf6 18.e5 Rxe5 19.Rxe5 dxe5 20.d6 Qd8 21.Rd1 b5 22.axb5 axb5
23.Qe3 Bb7 24.Bxb7 Rxb7 25.Qf3 {#r} 1-0

[Event "It (open)"]
[Site "masterchessopen.com - Bad Wildungen (Germany)"]
[Round "2"]
[White "Huss Rolf (GER)"]
[Black "Rueger Erhard (GER)"]
[Result "1-0"]
[WhiteElo "2163"]
[BlackElo "2162"]

1.d4 c5 2.d5 Nf6 3.c4 e6 4.Nc3 exd5 5.cxd5 d6 6.e4 g6 7.h3 Bg7 8.Nf3 O-O 9.Bd3
b5 10.Nxb5 Ba6 11.Nc3 Qb6 12.O-O Re8 13.Re1 Nbd7 14.Bf4 c4 15.Na4 Qb4 16.Bc2
Nh5 17.Bh2 Rad8 18.Nd4 Nb8 19.g4 Nf6 20.Nc6 Nxc6 21.dxc6 Qb8 22.Qf3 Bb5 23.e5
dxe5 24.Nc3 Bxc6 25.Qxc6 Qxb2 26.Ne4 Re6 27.Qxc4 {#r} 1-0

[Event "It (cat.2)"]
[Site "masterchessopen.com - Budapest (Hungary)"]
[Round "1"]
[White "Jakab Attila (HUN)"]
[Black "Parkanyi Attila (HUN)"]
[Result "1-0"]
[WhiteElo "2245"]
[BlackElo "2395"]

1.d4 Nf6 2.c4 e6 3.Nc3 c5 4.d5 exd5 5.cxd5 d6 6.e4 g6 7.Nge2 Bg7 8.Ng3 O-O
9.Be2 a6 10.a4 Re8 11.O-O Nbd7 12.Bf4 Ne5 13.Qd2 h5 14.Bg5 Qc7 15.f4 Ned7
16.e5 dxe5 17.f5 e4 18.d6 Qb6 19.fxg6 fxg6 20.Bxf6 Nxf6 21.Qg5 Qxd6 22.Qxg6
Qd4+ 23.Kh1 Be6 24.Nf5 Bxf5 25.Rxf5 Rf8 26.Rd1 Qe3 27.Rg5 {#r} 1-0

[Event "Ch France (juniors)"]
[Site "masterchessopen.com - France"]
[Round "7"]
[White "Benitah Yohan (FRA)"]
[Black "Gervais Victor (FRA)"]
[Result "1-0"]
[WhiteElo "2350"]
[BlackElo "2270"]

1.d4 Nf6 2.c4 c5 3.d5 e6 4.Nc3 exd5 5.cxd5 d6 6.e4 g6 7.f3 Bg7 8.Bg5 O-O 9.Qd2
Qa5 10.a4 Na6 11.Nge2 Nc7 12.Nc1 a6 13.Ra3 Re8 14.Be2 Bd7 15.O-O Rab8 16.Qf4
Nh5 17.Qxd6 Bc8 18.Nb3 Qb4 19.Be3 b6 20.Qxc7 Bxc3 21.Qxb8 Bxb2 22.Bxc5 {#r}
1-0

[Event "It \"]
[Site "masterchessopen.com - Germany"]
[Round "9"]
[White "Fising Rolf (GER)"]
[Black "Meingast Markus (GER)"]
[Result "0-1"]
[WhiteElo "2235"]
[BlackElo "2084"]

1.d4 Nf6 2.c4 c5 3.d5 e6 4.Nc3 exd5 5.cxd5 d6 6.e4 g6 7.Bg5 Bg7 8.Qc2 O-O
9.Bd3 a6 10.a4 Qc7 11.Nge2 Nbd7 12.O-O c4 13.Nd1 Ne5 14.Nf4 Nxd3 15.Nxd3 Nxe4
16.Bf4 Bf5 17.Ne3 Nc5 18.Nxf5 cxd3 19.Bxd6 Qxd6 20.Qxd3 gxf5 {#R} 0-1

[Event "Oberliga East 1997/98"]
[Site "masterchessopen.com - Germany"]
[Round "4"]
[White "Jugow Alexander (GER)"]
[Black "Henrich Thomas (GER)"]
[Result "0-1"]
[WhiteElo "2265"]
[BlackElo "2222"]

1.d4 Nf6 2.c4 c5 3.d5 e6 4.Nc3 exd5 5.cxd5 d6 6.e4 g6 7.Bb5+ Nbd7 8.a4 Qe7
9.Qe2 Bg7 10.Bg5 h6 11.Bh4 a6 12.Bxd7+ Bxd7 13.f4 g5 14.fxg5 Nh7 15.Nf3 hxg5
16.Bg3 Bg4 17.O-O Bd4+ 18.Kh1 Nf6 19.Rae1 Nh5 20.Bf2 Be5 21.Qc2 Bxf3 22.gxf3
Qf6 23.f4 Qxf4 24.Be3 Qxh2+ 25.Qxh2 Ng3+ 26.Kg1 Rxh2 27.Rf2 Rh1+ {#R} 0-1

[Event "Ch Hamburg (juniors) (under 20)"]
[Site "masterchessopen.com - Hamburg (Germany)"]
[Round "8"]
[White "Baulig Bjoern (GER)"]
[Black "Hankel Dennis (GER)"]
[Result "1-0"]
[WhiteElo "2114"]
[BlackElo "2132"]

1.d4 Nf6 2.c4 c5 3.d5 e6 4.Nc3 exd5 5.cxd5 d6 6.e4 g6 7.Bb5+ Bd7 8.Bxd7+ Nbxd7
9.f4 Bg7 10.Nf3 O-O 11.O-O Re8 12.Qc2 a6 13.a4 Qc7 14.Re1 b6 15.h3 Rab8 16.Qe2
c4 17.e5 b5 18.axb5 axb5 19.Qf2 Nh5 20.Ra7 Qc8 21.Ne4 Bf8 22.g4 dxe5 23.gxh5
Nc5 24.Nf6+ Kh8 25.Qh4 {#r} 1-0

[Event "It (open)"]
[Site "masterchessopen.com - Le Touquet (France)"]
[Round "3"]
[White "Villeneuve Alain (FRA)"]
[Black "Therkildsen Thomas (FRA)"]
[Result "1-0"]
[WhiteElo "2320"]
[BlackElo "2287"]

1.d4 Nf6 2.c4 e6 3.Nc3 c5 4.d5 exd5 5.cxd5 d6 6.e4 g6 7.h3 Bg7 8.Nf3 O-O 9.Bd3
b5 10.Bxb5 Nxe4 11.Nxe4 Qa5+ 12.Nfd2 Qxb5 13.Nxd6 Qd7 14.N2c4 Ba6 15.O-O Bd4
16.Qf3 Rd8 17.Re1 Bxc4 18.Nxc4 Qb5 19.Ne5 Bxe5 20.Rxe5 Re8 21.a4 Qd7 22.Bh6 f5
23.Re6 Kf7 24.Rae1 Na6 25.d6 Nb4 {#r} 1-0

[Event "Ch Belgium (juniors) (under 20)"]
[Site "masterchessopen.com - Leuven (Belgium)"]
[Round "0"]
[White "Cocquyt Tijs (BEL)"]
[Black "Piceu Tom (BEL)"]
[Result "0-1"]
[WhiteElo "2059"]
[BlackElo "2333"]

1.d4 Nf6 2.c4 c5 3.d5 e6 4.Nc3 exd5 5.cxd5 d6 6.e4 g6 7.Bg5 Bg7 8.Bd3 O-O 9.f4
a6 10.a4 Re8 11.Qc2 Qa5 12.Bxf6 Bxf6 13.Ra3 Bg7 14.Ne2 Bg4 15.O-O c4 {#R} 0-1

[Event "Ch Milanowek"]
[Site "masterchessopen.com - Milanowek (Poland)"]
[Round "0"]
[White "Grzelak Artur (POL)"]
[Black "Wiech Grzegorz (POL)"]
[Result "0-1"]
[WhiteElo "2226"]
[BlackElo "2305"]

1.d4 Nf6 2.c4 e6 3.Nc3 c5 4.d5 exd5 5.cxd5 d6 6.e4 g6 7.Bg5 Bg7 8.Qd2 O-O
9.Bd3 Re8 10.Nge2 a6 11.a4 Nbd7 12.O-O Rb8 13.Rab1 Qa5 14.Qf4 Nh5 15.Qh4 Ne5
16.Bc2 h6 17.Bxh6 Bxh6 18.f4 Ng4 19.f5 Ne3 20.Ng3 Qd8 21.f6 Re5 22.Rf5 Bxf5
23.Nxh5 Bg4 {#R} 0-1

[Event "Ch Germany (juniors) (under 13)"]
[Site "masterchessopen.com - Oberhof (Germany)"]
[Round "10"]
[White "Claus Thomas (GER)"]
[Black "Scholvin Bjoern (GER)"]
[Result "0-1"]
[WhiteElo "2144"]
[BlackElo "2181"]

1.d4 Nf6 2.c4 c5 3.d5 e6 4.Nc3 exd5 5.cxd5 d6 6.e4 g6 7.Bf4 Bg7 8.f3 a6 9.a4
O-O 10.Bd3 Nh5 11.Bd2 Qh4+ 12.Ke2 Ng3+ 13.hxg3 Qxh1 14.Qf1 f5 15.Nh3 Qh2
16.Bf4 fxe4 17.g4 exd3+ 18.Kxd3 Rxf4 19.Nxf4 Qxf4 20.Re1 Bxc3 21.bxc3 Nd7
22.Re8+ Kf7 23.Rh8 Ne5+ 24.Kc2 Bf5+ {#R} 0-1

[Event "It (open)"]
[Site "masterchessopen.com - Pouso Alegre (Brazil)"]
[Round "0"]
[White "Marcolino Daniel Mattos (BRA)"]
[Black "Frare Fernando (BRA)"]
[Result "0-1"]
[WhiteElo "2057"]
[BlackElo "2250"]

1.d4 Nf6 2.c4 c5 3.d5 e6 4.Nc3 exd5 5.cxd5 d6 6.e4 g6 7.Bc4 Bg7 8.Nge2 O-O
9.O-O Na6 10.f3 Nc7 11.Be3 a6 12.a4 b6 13.Qd2 Re8 14.Nc1 Rb8 15.Qd3 Nd7
16.N1a2 Ne5 17.Qe2 Nxc4 18.Qxc4 b5 19.axb5 axb5 20.Qd3 b4 21.Nd1 Ba6 {#R} 0-1

[Event "Ch Brazil"]
[Site "masterchessopen.com - Rio de Janeiro (Brazil)"]
[Round "5"]
[White "Vescovi Giovanni (BRA)"]
[Black "Guimaraes Wagner P (BRA)"]
[Result "1-0"]
[WhiteElo "2525"]
[BlackElo "2240"]

1.d4 Nf6 2.c4 c5 3.d5 e6 4.Nc3 exd5 5.cxd5 d6 6.e4 g6 7.h3 Bg7 8.Nf3 O-O 9.Bd3
b5 10.Nxb5 Nxe4 11.Bxe4 Re8 12.Nd2 f5 13.O-O fxe4 14.Nc4 Bf8 15.Bf4 Ba6 16.a4
Qf6 17.Qg4 h5 18.Qg3 Bxb5 19.axb5 Nd7 20.Bxd6 h4 21.Qg4 Bxd6 22.Qxd7 Rad8
23.Qg4 Qf5 24.Qxh4 Qxd5 25.Rxa7 Qh5 26.Qf6 Bf8 27.Nd6 {#r} 1-0

[Event "Ch State Sao Paulo"]
[Site "masterchessopen.com - Santa Barbara d'Oeste (Brazil)"]
[Round "4"]
[White "De Souza Mauro (BRA)"]
[Black "Nagashima Carlos (BRA)"]
[Result "1-0"]
[WhiteElo "2405"]
[BlackElo "2043"]

1.d4 Nf6 2.c4 c5 3.d5 e6 4.Nc3 exd5 5.cxd5 d6 6.e4 a6 7.f4 Bg4 8.Be2 Bxe2
9.Qxe2 g6 10.Nf3 Bg7 11.O-O O-O 12.a4 Re8 13.Kh1 Nbd7 14.e5 Nb6 15.Rd1 Ng4
16.h3 Nh6 17.Qf2 Nf5 18.Ne4 dxe5 19.fxe5 Bxe5 20.Nxe5 Rxe5 21.Bg5 Qc8 22.Nf6+
Kg7 23.Ng4 Ng3+ 24.Qxg3 Rxg5 25.Qc3+ {#r} 1-0

[Event "Memorial Dr. Rey Ardid"]
[Site "masterchessopen.com - Zaragoza (Spain)"]
[Round "4"]
[White "Campos Moreno Javier B (CHI)"]
[Black "Reinaldo Castineira Roi (ESP)"]
[Result "1-0"]
[WhiteElo "2495"]
[BlackElo "2325"]

1.d4 Nf6 2.c4 c5 3.d5 e6 4.Nc3 exd5 5.cxd5 d6 6.e4 g6 7.h3 Bg7 8.Nf3 O-O 9.Bd3
b5 10.Bxb5 Nxe4 11.Nxe4 Qa5+ 12.Nfd2 Qxb5 13.Nxd6 Qa6 14.N2c4 Nd7 15.O-O Nb6
16.Nxb6 Qxb6 17.Nxc8 Raxc8 18.Rb1 Rfd8 19.Bf4 Qb7 20.d6 Bf8 21.Qd3 Bxd6
22.Bxd6 Rc6 23.Rfd1 Qa6 {#r} 1-0

[Event "It (open)"]
[Site "masterchessopen.com - Baunatal (Germany)"]
[Round "6"]
[White "Mueller Joachim (GER)"]
[Black "Eickhoff Hermann (GER)"]
[Result "0-1"]
[WhiteElo "1956"]
[BlackElo "2159"]

1.d4 Nf6 2.c4 e6 3.Nc3 c5 4.d5 exd5 5.cxd5 d6 6.e4 g6 7.Bd3 Bg7 8.Nge2 O-O
9.O-O a6 10.a4 Nbd7 11.f4 Qc7 12.Ng3 b6 13.Bd2 h5 14.Rb1 Ng4 15.Nge2 c4 16.Bc2
Qc5+ 17.Kh1 Nf2+ 18.Rxf2 Qxf2 19.Na2 Nf6 20.Bc3 Ng4 21.Qd2 Bxc3 22.Naxc3 Ne3
23.Rg1 Bh3 {#R} 0-1

[Event "Memorial Elekes (cat.3)"]
[Site "masterchessopen.com - Budapest (Hungary)"]
[Round "10"]
[White "Petran Pal (HUN)"]
[Black "Pham Minh Hoang (VIE)"]
[Result "1-0"]
[WhiteElo "2371"]
[BlackElo "2357"]

1.d4 Nf6 2.c4 c5 3.d5 e6 4.Nc3 exd5 5.cxd5 d6 6.e4 g6 7.Bd3 Bg7 8.h3 O-O 9.Nf3
b5 10.Bxb5 Nxe4 11.Nxe4 Qa5+ 12.Nfd2 Qxb5 13.Nxd6 Qa6 14.N2c4 Nd7 15.O-O Ne5
16.Nxc8 Raxc8 17.Nxe5 Bxe5 18.Qf3 Rfd8 19.Bh6 Bxb2 20.Rab1 Bd4 21.Rfe1 Qxa2
22.Rb7 Qxd5 23.Re8+ {#r} 1-0

[Event "Ch Catalunia (juniors)"]
[Site "masterchessopen.com - Catalunia (Spain)"]
[Round "0"]
[White "Castany Pampalona Andreu (ESP)"]
[Black "Alonso Moyano Jonathan (ESP)"]
[Result "0-1"]
[WhiteElo "2079"]
[BlackElo "2208"]

1.d4 Nf6 2.c4 c5 3.d5 e6 4.Nc3 exd5 5.cxd5 d6 6.e4 g6 7.f3 Bg7 8.Bg5 h6 9.Be3
O-O 10.Qd2 Kh7 11.Nge2 Nbd7 12.Nc1 a6 13.Be2 b5 14.O-O Ne5 15.Bd3 Nfd7 16.h3
Nb6 17.Bf2 Bxh3 18.Kh1 Bd7 19.Rb1 b4 20.Nd1 f5 21.b3 f4 22.Nb2 g5 23.Nc4 Nbxc4
24.bxc4 Qe8 {#R} 0-1

[Event "It (open)"]
[Site "masterchessopen.com - Ceske Budejovice (Czech Republic)"]
[Round "3"]
[White "Spesny Jan (CZE)"]
[Black "Adamek Petr (CZE)"]
[Result "1-0"]
[WhiteElo "2304"]
[BlackElo "2080"]

1.d4 Nf6 2.c4 c5 3.d5 e6 4.Nc3 exd5 5.cxd5 d6 6.e4 g6 7.f3 Bg7 8.Be3 O-O 9.Qd2
Re8 10.Nge2 a6 11.a4 Nbd7 12.Nc1 Rb8 13.Be2 Nf8 14.O-O Bd7 15.a5 Bc8 16.Nd3
N6d7 17.Kh1 b5 18.axb6 Qxb6 19.b4 Qc7 20.bxc5 Rb3 21.Rac1 dxc5 22.Na4 c4
23.Ndc5 c3 24.Nxb3 {#r} 1-0

[Event "Ch Bayern (b)"]
[Site "masterchessopen.com - Fuerth (Germany)"]
[Round "0"]
[White "Stephan Eberhard (GER)"]
[Black "Fischer Hans (GER)"]
[Result "0-1"]
[WhiteElo "2129"]
[BlackElo "2235"]

1.d4 Nf6 2.c4 e6 3.Nc3 c5 4.d5 exd5 5.cxd5 d6 6.e4 g6 7.f3 Bg7 8.Bg5 O-O 9.Qd2
Re8 10.Nge2 a6 11.a4 Nbd7 12.Ng3 Rb8 13.Be2 Qc7 14.O-O c4 15.Rfc1 b5 16.axb5
axb5 17.b4 cxb3 18.Nxb5 Qd8 19.Rc6 h6 20.Bxf6 Nxf6 21.Rb1 Bd7 22.Rxb3 Bxc6
23.dxc6 Qb6+ 24.Nd4 Nxe4 {#R} 0-1

[Event "Oberliga Northwest 1998/99"]
[Site "masterchessopen.com - Germany"]
[Round "0"]
[White "Rick Uwe (GER)"]
[Black "Lunkmoos Gerhard (GER)"]
[Result "1-0"]
[WhiteElo "2255"]
[BlackElo "2120"]

1.d4 Nf6 2.c4 c5 3.d5 e6 4.Nc3 exd5 5.cxd5 d6 6.e4 g6 7.Bd3 Bg7 8.Nge2 O-O
9.O-O a6 10.a4 Nbd7 11.f4 Rb8 12.h3 Qc7 13.Be3 Re8 14.Ng3 c4 15.Bc2 Nc5 16.Qf3
Nfd7 17.Rad1 b5 18.axb5 axb5 19.e5 b4 20.Nce4 Nxe4 21.Nxe4 dxe5 22.f5 gxf5
23.Qxf5 Nf8 24.Qh5 Bb7 25.Ng5 f6 26.Bxh7+ {#r} 1-0

[Event "It (open)"]
[Site "masterchessopen.com - Hamburg (Germany)"]
[Round "3"]
[White "Georgiev Vladimir (MKD)"]
[Black "Simacek Pavel (CZE)"]
[Result "1-0"]
[WhiteElo "2519"]
[BlackElo "2346"]

1.d4 Nf6 2.c4 c5 3.d5 e6 4.Nc3 exd5 5.cxd5 d6 6.e4 g6 7.Bd3 Bg7 8.Nge2 O-O
9.O-O Na6 10.Bg5 h6 11.Bh4 Nc7 12.f4 Re8 13.Ng3 Qd7 14.Bxf6 Bxf6 15.e5 dxe5
16.f5 e4 17.Bxe4 g5 18.Kh1 Nb5 19.Qh5 Nxc3 20.bxc3 Be5 21.Qxh6 f6 22.Qg6+ Kf8
23.Nh5 Qf7 24.d6 Qxg6 25.fxg6 Bxc3 26.Nxf6 Bxa1 27.g7+ {#r} 1-0

[Event "It (open) (b)"]
[Site "masterchessopen.com - Koszalin (Poland)"]
[Round "8"]
[White "Leskiewicz Maksymilian (AUS)"]
[Black "Tobak Andrey (UKR)"]
[Result "0-1"]
[WhiteElo "2206"]
[BlackElo "2421"]

1.d4 Nf6 2.c4 c5 3.d5 e6 4.Nc3 exd5 5.cxd5 d6 6.e4 g6 7.f3 Bg7 8.Bg5 O-O 9.Qd2
Qa5 10.Nb5 Qb6 11.Qf4 Qa5+ 12.Qd2 Qb6 13.Qf4 Ne8 14.Be7 a6 15.Nxd6 Nxd6
16.Bxd6 g5 17.Bxc5 Qxb2 {#R} 0-1

[Event "Tournament (juniors) (under 16)"]
[Site "masterchessopen.com - Wewelsburg (Germany)"]
[Round "1"]
[White "Zachej Arne"]
[Black "Mantler Thorben"]
[Result "1-0"]
[WhiteElo "1354"]
[BlackElo "928"]

1.d4 Nf6 2.c4 c5 3.d5 e6 4.Nc3 exd5 5.cxd5 d6 6.e4 Be7 7.f4 b6 8.Nf3 Bb7
9.Bb5+ Nbd7 10.e5 Nh5 11.e6 Bh4+ 12.g3 Nxg3 13.Bxd7+ Kf8 14.hxg3 Bxg3+ 15.Kf1
Qf6 16.Qe2 Ba6 17.Qxa6 Bxf4 18.Bxf4 Qxf4 19.Qe2 f6 20.e7+ Kf7 21.Qe6+ Kg6
22.Rg1+ {#r} 1-0

[Event "It (open)"]
[Site "masterchessopen.com - Andorra"]
[Round "8"]
[White "Estremera Panos Sergio (ESP)"]
[Black "Serra Olives Tomas (ESP)"]
[Result "1-0"]
[WhiteElo "2364"]
[BlackElo "2195"]

1.d4 Nf6 2.c4 c5 3.d5 e6 4.Nc3 exd5 5.cxd5 d6 6.e4 g6 7.h3 Bg7 8.Nf3 O-O 9.Bd3
b5 10.Bxb5 Nxe4 11.Nxe4 Qa5+ 12.Nfd2 Qxb5 13.Nxd6 Qa6 14.N2c4 Rd8 15.Bf4 Nd7
16.O-O Nb6 17.Nxb6 Qxb6 18.Nxc8 Raxc8 19.d6 Bxb2 20.Rb1 c4 21.d7 Rc6 22.Bg5 f6
23.Be3 Qb5 24.Rxb2 {#r} 1-0

[Event "It (open)"]
[Site "masterchessopen.com - Bergen (Norway)"]
[Round "9"]
[White "Sjogren Bo (SWE)"]
[Black "Lie Kjetil A (NOR)"]
[Result "0-1"]
[WhiteElo "2211"]
[BlackElo "2284"]

1.d4 Nf6 2.c4 c5 3.d5 e6 4.Nc3 exd5 5.cxd5 d6 6.e4 g6 7.Bd3 Bg7 8.Nge2 O-O
9.f3 Re8 10.Be3 b6 11.Rb1 Nbd7 12.O-O Ne5 13.b4 Nxd3 14.Qxd3 Nd7 15.f4 cxb4
16.Rxb4 Nc5 17.Qb1 Ba6 18.Rd1 f5 19.Nd4 Qd7 20.Bf2 fxe4 21.Be3 Qg4 22.Ncb5 Nd3
23.Ra4 Bxb5 24.Nxb5 Qe2 25.Bd4 Bxd4+ 26.Nxd4 Qe3+ {#R} 0-1

[Event "It (open)"]
[Site "masterchessopen.com - Gyongyos (Hungary)"]
[Round "0"]
[White "Kaposztas Miklos (HUN)"]
[Black "Juhasz Laszlo (HUN)"]
[Result "1-0"]
[WhiteElo "2219"]
[BlackElo "2181"]

1.d4 Nf6 2.c4 c5 3.d5 e6 4.Nc3 exd5 5.cxd5 d6 6.e4 g6 7.Nge2 Bg7 8.Ng3 O-O
9.Be2 Na6 10.O-O Nc7 11.a4 Bd7 12.Bf4 Nfe8 13.Qd2 b6 14.Bh6 a6 15.Bxg7 Nxg7
16.f4 f6 17.Bf3 Rb8 18.Rfe1 Re8 19.Qf2 a5 20.Nf1 Na6 21.Ne3 Nb4 22.Qd2 Bc8
23.Be2 Re7 24.Bb5 {#r} 1-0

[Event "Oz.com qualifier (blitz)"]
[Site "masterchessopen.com - Internet"]
[Round "7"]
[White "Acevedo Armando (MEX)"]
[Black "Tsaturian Valeri (RUS)"]
[Result "0-1"]
[WhiteElo "2235"]
[BlackElo "2425"]

1.d4 Nf6 2.c4 c5 3.d5 e6 4.Nc3 exd5 5.cxd5 d6 6.e4 g6 7.Bf4 Bg7 8.Qa4+ Kf8
9.Qc2 a6 10.a4 Nh5 11.Be3 Nd7 12.Be2 Nhf6 13.Nf3 Ng4 14.Bg5 Bf6 15.Bh6+ Nxh6
{#R} 0-1

[Event "It (open)"]
[Site "masterchessopen.com - Lampertheim (Germany)"]
[Round "0"]
[White "Hefter Franz (GER)"]
[Black "Schimmer Michael (GER)"]
[Result "1-0"]
[WhiteElo "1998"]
[BlackElo "1887"]

1.d4 c5 2.d5 e6 3.c4 exd5 4.cxd5 d6 5.Nc3 Nf6 6.e4 g6 7.Bd3 Bg7 8.Nge2 O-O
9.O-O a6 10.a4 Nbd7 11.Ng3 Qc7 12.h3 Re8 13.f4 c4 14.Bc2 Nc5 15.Be3 Rb8 16.Qf3
b5 17.axb5 axb5 18.e5 Nfd7 19.Nce4 dxe5 20.f5 Bb7 21.fxg6 fxg6 22.Qf7+ Kh8
23.Nxc5 {#r} 1-0

[Event "It (open)"]
[Site "masterchessopen.com - Lugano (Switzerland)"]
[Round "7"]
[White "Horvath Csaba (HUN)"]
[Black "Drollinger Dennis (GER)"]
[Result "1-0"]
[WhiteElo "2513"]
[BlackElo "2299"]

1.d4 Nf6 2.c4 c5 3.d5 e6 4.Nc3 exd5 5.cxd5 d6 6.e4 g6 7.Bd3 Bg7 8.h3 O-O 9.Nf3
b5 10.Bxb5 Nxe4 11.Nxe4 Qa5+ 12.Nfd2 Qxb5 13.Nxd6 Qa6 14.N2c4 Nd7 15.O-O Nb6
16.Nxb6 axb6 17.Qb3 Bd7 18.Bg5 Qa4 19.Qxb6 Rfb8 20.Qxc5 Rxb2 21.Rae1 Rc2
22.Qe3 Qxa2 23.Qe7 Qxd5 24.Qxd7 Qxg5 25.Qxf7+ Kh8 26.Re8+ {#r} 1-0

[Event "It (cat.3)"]
[Site "masterchessopen.com - Budapest (Hungary)"]
[Round "1"]
[White "Farago Sandor (HUN)"]
[Black "Grafl Florian (GER)"]
[Result "1-0"]
[WhiteElo "2323"]
[BlackElo "2373"]

1.d4 Nf6 2.c4 c5 3.d5 e6 4.Nc3 exd5 5.cxd5 d6 6.e4 g6 7.Bd3 Bg7 8.Nge2 O-O
9.O-O Ng4 10.h3 Ne5 11.Bc2 Na6 12.f4 Nc4 13.Bb3 Na5 14.Rb1 Rb8 15.a3 b5 {#r}
1-0

[Event "It (open)"]
[Site "masterchessopen.com - Cappelle la Grande (France)"]
[Round "2"]
[White "Abeln Michiel (NED)"]
[Black "Cotonnec Antoine (FRA)"]
[Result "0-1"]
[WhiteElo "2239"]
[BlackElo "1920"]

1.d4 Nf6 2.c4 c5 3.d5 e6 4.Nc3 exd5 5.cxd5 d6 6.e4 g6 7.h3 Bg7 8.Nf3 O-O 9.Bd3
Re8 10.O-O a6 11.a4 b6 12.Bf4 Ra7 13.Nd2 Nh5 14.Bh2 Qg5 15.f4 Bd4+ 16.Kh1 Ng3+
17.Bxg3 Qxg3 18.Ne2 Qxd3 19.Rf3 Be3 {#R} 0-1

[Event "Czech League 2000/01 (2nd) (b)"]
[Site "masterchessopen.com - Czech Republic"]
[Round "0"]
[White "Turecek Vaclav (CZE)"]
[Black "Ksana Vaclav (CZE)"]
[Result "0-1"]
[WhiteElo "1977"]
[BlackElo "2136"]

1.d4 Nf6 2.c4 c5 3.d5 e6 4.Nc3 exd5 5.cxd5 d6 6.e4 g6 7.Bg5 Bg7 8.f4 O-O 9.Nf3
Qb6 10.Qd2 Nxe4 11.Nxe4 Re8 12.Bd3 f5 13.O-O-O fxe4 14.Rde1 Bf5 15.Re2 Na6
16.Rhe1 e3 17.Rxe3 Rxe3 18.Rxe3 Bxd3 19.Rxd3 Nb4 20.Ra3 c4 21.Ne1 Rc8 22.f5 c3
23.Qe2 cxb2+ 24.Kb1 Be5 25.Rb3 Nxa2 26.Kxa2 b1=Q+ {#R} 0-1